| 000 | 00427 a2200169 4500 | ||
|---|---|---|---|
| 001 | 81570 | ||
| 020 | _a9781402098208 | ||
| 082 | _a174.4 BOD | ||
| 090 |
_c39794 _d39794 |
||
| 100 | _aZsolt Boda ;Laszlo Fekete | ||
| 245 | _aEthical Prospects Economy, Society and Enviroment ( Vol-1) | ||
| 250 | _aVol-1 | ||
| 260 |
_aUSA _bSpringer _c2009 |
||
| 300 | _axxviii | ||
| 500 | _aDOS BS Reference Books | ||
| 505 | _aAHQ Books | ||
| 942 |
_aCAENUST _k174.4 BOD |
||
| 999 |
_c316643 _d316643 |
||